[Event "I Festival Terra degli Elimi"]
[Site "Erice ITA"]
[Date "2010.07.31"]
[Round "4"]
[White "Lissandrello, Luca"]
[Black "Lo Cascio, Marco"]
[Result "1-0"]
[WhiteElo "1655"]
[BlackElo "1593"]
[PlyCount "79"]
[EventDate "2010.07.28"]

1. e4 c6 2. d4 d5 3. Nc3 dxe4 4. Nxe4 Nf6 5. Ng5 Bf5 6. Bc4 e6 7. Ne2 h6 8. Nf3
Bd6 9. h3 Nbd7 10. g4 Be4 11. Nc3 Bxf3 12. Qxf3 Nb6 13. Bb3 Bb4 14. a3 Be7 15.
Be3 Nfd5 16. Nxd5 Nxd5 17. O-O-O Nxe3 18. Qxe3 O-O 19. f4 b5 20. Qe4 Rc8 21. c3
a5 22. Bc2 g6 23. f5 exf5 24. gxf5 Re8 25. Qg4 Bg5+ 26. Kb1 h5 27. Qg2 Qf6 28.
fxg6 fxg6 29. Rhf1 Bf4 30. Bxg6 Re7 31. Bxh5+ Rg7 32. Qe4 Rf8 33. Bg4 Qh6 34.
Rd3 Bd6 35. Be6+ Kh8 36. Rxf8+ Bxf8 37. Bg4 Re7 38. Qf5 Kg8 39. Rd1 Bg7 40. d5
1-0

[Event "I Festival Terra degli Elimi"]
[Site "Erice ITA"]
[Date "2010.07.31"]
[Round "4"]
[White "Lo Piccolo, Antonino"]
[Black "Piazza, Dario"]
[Result "1-0"]
[WhiteElo "1879"]
[BlackElo "1662"]
[PlyCount "75"]
[EventDate "2010.07.28"]

1. c4 e5 2. Nc3 Nf6 3. Nf3 Nc6 4. g3 d6 5. Bg2 Be7 6. O-O O-O 7. d4 exd4 8.
Nxd4 Nxd4 9. Qxd4 c6 10. Rd1 Be6 11. b3 Qd7 12. Bb2 Rfd8 13. e4 Bh3 14. Rd2
Bxg2 15. Kxg2 c5 16. Qe3 Qc6 17. Re1 Rd7 18. f3 Re8 19. Qd3 a6 20. Nd5 Nxd5 21.
Qxd5 Qxd5 22. Rxd5 f6 23. Red1 Red8 24. Bc3 b6 25. f4 Kf7 26. Kf3 Ke6 27. g4 g5
28. f5+ Kf7 29. h4 h6 30. hxg5 hxg5 31. Rh1 Rg8 32. Rd2 Rg7 33. e5 fxe5 34.
Bxe5 Rg8 35. Rh7+ Ke8 36. Bc3 b5 37. Re2 Rf8 38. f6 1-0

[Event "I Festival Terra degli Elimi"]
[Site "Erice ITA"]
[Date "2010.07.31"]
[Round "4"]
[White "Lo Pinto, Giovanni"]
[Black "Valguarnera, Girolamo"]
[Result "0-1"]
[WhiteElo "1929"]
[BlackElo "2179"]
[PlyCount "124"]
[EventDate "2010.07.28"]

1. e4 c6 2. d4 d5 3. Nc3 dxe4 4. Nxe4 Nf6 5. Nxf6+ gxf6 6. c3 h5 7. g3 Bg4 8.
Be2 Qd7 9. Bf4 Na6 10. h4 Bxe2 11. Qxe2 Nc7 12. Nh3 Nd5 13. Bd2 O-O-O 14. Nf4
e5 15. dxe5 fxe5 16. Nxd5 Qxd5 17. O-O-O Qe6 18. Qe4 Bc5 19. Be3 f5 20. Qf3 e4
21. Rxd8+ Kxd8 22. Qd1+ Bd6 23. Qd4 Rh7 24. Rd1 Rd7 25. Qxa7 f4 26. Qa5+ Kc8
27. gxf4 Qg4 28. Qa8+ Kc7 29. b4 Qf5 30. a3 Qb5 31. a4 Qa6 32. Qxa6 bxa6 33. a5
Be7 34. Rg1 Bf6 35. Kc2 Rd3 36. Rg6 Rxc3+ 37. Kd2 Rd3+ 38. Ke2 Bxh4 39. Re6 Rd5
40. Rxe4 Bf6 41. Re6 Rf5 42. Re8 Bc3 43. Bc5 Rxf4 44. Re7+ Kc8 45. Ke3 Rg4 46.
f3 Rh4 47. f4 Rh1 48. Kd3 Bf6 49. Re6 h4 50. Rxc6+ Kb7 51. Rb6+ Kc7 52. Rxf6 h3
53. f5 Rd1+ 54. Kc4 h2 55. Rf7+ Rd7 56. Bb6+ Kc6 57. Rf6+ Rd6 58. Rf8 h1=Q 59.
Rc8+ Kb7 60. Rc7+ Kb8 61. b5 Qc1+ 62. Kb4 Qb2+ 0-1

[Event "I Festival Terra degli Elimi"]
[Site "Erice ITA"]
[Date "2010.07.31"]
[Round "4"]
[White "Mancuso, Fabrizio"]
[Black "Fontana, Giulio"]
[Result "0-1"]
[WhiteElo "1335"]
[BlackElo "1602"]
[PlyCount "94"]
[EventDate "2010.07.28"]

1. e4 c5 2. Nf3 Nc6 3. Nc3 d6 4. d4 cxd4 5. Nxd4 g6 6. Bb5 Bd7 7. Be3 Bg7 8.
O-O Nf6 9. Re1 Ng4 10. Nxc6 bxc6 11. Bxc6 Nxe3 12. Bxd7+ Qxd7 13. Rxe3 Rb8 14.
Rb1 Qb7 15. Qf3 O-O 16. b3 Rfc8 17. Rd1 Rc6 18. Nd5 Rxc2 19. Re2 Rbc8 20. Qd3
R2c5 21. Qh3 e6 22. Nf4 Rc2 23. Qd3 Rxe2 24. Qxe2 Qc7 25. h3 d5 26. exd5 Qxf4
27. dxe6 Re8 28. e7 Qc7 29. Rd8 Rxd8 30. e8=R+ Rxe8 31. Qxe8+ Bf8 32. g4 Qc1+
33. Kg2 Qc2 34. Qa4 h6 35. Qxa7 Bc5 36. Qb8+ Bf8 37. a4 Qe4+ 38. Kf1 Qh1+ 39.
Ke2 Qxh3 40. Qg3 Qxg3 41. fxg3 Kg7 42. Kd3 Kf6 43. Kc4 Ke6 44. b4 Kd7 45. Kb5
Kc7 46. a5 Bd6 47. Ka6 Bxb4 0-1

[Event "I Festival Terra degli Elimi"]
[Site "Erice ITA"]
[Date "2010.07.31"]
[Round "4"]
[White "Messina, Damiano"]
[Black "Agnello, Francesco Claudio"]
[Result "1-0"]
[WhiteElo "2001"]
[BlackElo "1470"]
[PlyCount "53"]
[EventDate "2010.07.28"]

1. e4 c5 2. Nf3 d6 3. d4 cxd4 4. Nxd4 Nf6 5. Nc3 a6 6. Bc4 e6 7. Bb3 Be7 8. Be3
O-O 9. f3 Bd7 10. Qd2 Nc6 11. O-O-O b5 12. g4 b4 13. Na4 Nxd4 14. Bxd4 Bxa4 15.
Bxa4 Ne8 16. Be3 Rc8 17. Kb1 Qa5 18. Bb3 Nc7 19. a3 Rb8 20. Qe1 d5 21. e5 Rfc8
22. a4 Bc5 23. f4 Na8 24. f5 Bxe3 25. Qxe3 Nb6 26. f6 g6 27. Qh6 1-0

[Event "I Festival Terra degli Elimi"]
[Site "Erice ITA"]
[Date "2010.07.31"]
[Round "4"]
[White "Morello, Guido"]
[Black "Puleo, Diego"]
[Result "0-1"]
[WhiteElo "1973"]
[BlackElo "1938"]
[PlyCount "58"]
[EventDate "2010.07.28"]

1. e4 e5 2. f4 d5 3. exd5 e4 4. Nc3 Nf6 5. d3 Bb4 6. Bd2 e3 7. Bxe3 O-O 8. Be2
Nxd5 9. Bd2 Bxc3 10. Bxc3 Nxf4 11. Bf3 Re8+ 12. Kf2 Nd7 13. Qd2 Ng6 14. Re1
Nde5 15. Bxe5 Nxe5 16. Qf4 Qd6 17. Ne2 Bd7 18. g3 Nxf3 19. Qxf3 Bc6 20. Qg4
Bxh1 21. Rxh1 Qf6+ 22. Nf4 Qxb2 23. Rf1 Rad8 24. Kg2 Qxc2+ 25. Kh3 Qc6 26. Nh5
Qg6 27. Qh4 Rxd3 28. Rf4 Re5 29. Nxg7 h5 0-1

[Event "I Festival Terra degli Elimi"]
[Site "Erice ITA"]
[Date "2010.07.31"]
[Round "4"]
[White "Profumo, Alberto"]
[Black "Bifulco, Michel"]
[Result "1/2-1/2"]
[WhiteElo "2261"]
[BlackElo "1952"]
[PlyCount "118"]
[EventDate "2010.07.28"]

1. Nf3 Nf6 2. c4 g6 3. d4 Bg7 4. Nc3 O-O 5. g3 d6 6. Bg2 Nbd7 7. O-O e5 8. e4
exd4 9. Nxd4 Re8 10. h3 Nb6 11. b3 c6 12. Be3 Be6 13. Rc1 d5 14. exd5 cxd5 15.
c5 Nc8 16. b4 Qd7 17. Kh2 Ne4 18. Nxe4 dxe4 19. Bxe4 Bd5 20. Bxd5 Qxd5 21. Rc2
a6 22. Qf3 Ne7 23. Kg2 Qxf3+ 24. Nxf3 Nd5 25. Bd2 Re4 26. a3 Re2 27. Rfc1 Ne7
28. Be3 Rxc2 29. Rxc2 Nc6 30. Rd2 Rd8 31. Rxd8+ Nxd8 32. a4 Nc6 33. b5 axb5 34.
axb5 Nd8 35. c6 bxc6 36. Bb6 Bf6 37. Bxd8 Bxd8 38. bxc6 Kf8 39. Nd4 Bb6 40. Kf3
Ke7 41. Nb5 h6 42. c7 Kd7 43. c8=Q+ Kxc8 44. Nd6+ Kd7 45. Nxf7 Ke7 46. Nxh6 Kf6
47. Ke4 g5 48. Ng4+ Kg6 49. Ne5+ Kh5 50. f3 Bf2 51. g4+ Kh4 52. Nd3 Bb6 53. Kf5
Be3 54. f4 Bd2 55. fxg5 Bxg5 56. Ne5 Bc1 57. Nd3 Bd2 58. Nf2 Be3 59. Ne4 Kxh3
1/2-1/2

[Event "I Festival Terra degli Elimi"]
[Site "Erice ITA"]
[Date "2010.07.31"]
[Round "5"]
[White "Agnello, Francesco Claudio"]
[Black "Ferrante, Filippo"]
[Result "1-0"]
[WhiteElo "1470"]
[BlackElo "1619"]
[PlyCount "95"]
[EventDate "2010.07.28"]

1. d4 e6 2. e3 b6 3. f4 Bb7 4. Nf3 Nf6 5. Bd3 c5 6. c3 cxd4 7. exd4 Bd6 8. O-O
h6 9. Ne5 Qe7 10. Nd2 Nc6 11. Ndf3 Bc7 12. Qe2 Nxe5 13. Nxe5 d6 14. Nf3 O-O-O
15. Ba6 Rdg8 16. Bxb7+ Kxb7 17. a4 d5 18. b4 a6 19. Ba3 Qd7 20. Ne5 Bxe5 21.
fxe5 Ne4 22. Bb2 Rc8 23. Rfc1 Rc4 24. Ra3 g5 25. Rf1 h5 26. Qd3 g4 27. Re1 Ng5
28. Bc1 Qe7 29. Rf1 Rf8 30. Rb3 f5 31. exf6 Rxf6 32. Re1 Nf3+ 33. gxf3 gxf3 34.
Kh1 f2 35. Rf1 Qg7 36. Qh3 Qg6 37. Qg3 Qe4+ 38. Qg2 Qe2 39. Rb2 Qe4 40. Qxe4
dxe4 41. Rbxf2 Rxf2 42. Rxf2 Rxc3 43. Rf7+ Kc6 44. Bf4 Kd5 45. Rd7+ Kc4 46. Re7
Kxd4 47. Rxe6 e3 48. Be5+ 1-0

[Event "I Festival Terra degli Elimi"]
[Site "Erice ITA"]
[Date "2010.07.31"]
[Round "5"]
[White "Bifulco, Michel"]
[Black "Gangemi, Salvatore"]
[Result "1/2-1/2"]
[WhiteElo "1952"]
[BlackElo "2091"]
[PlyCount "78"]
[EventDate "2010.07.28"]

1. d4 Nf6 2. c4 g6 3. Nc3 d5 4. cxd5 Nxd5 5. Qb3 c6 6. Nxd5 Qxd5 7. Qxd5 cxd5
8. e3 Bg7 9. Nf3 O-O 10. Bd3 Nc6 11. O-O Bg4 12. Be2 e5 13. dxe5 Nxe5 14. Nd4
Bxe2 15. Nxe2 Nd3 16. Nd4 Rac8 17. Rd1 Nb4 18. a3 Nc2 19. Rb1 Nxd4 20. exd4 Rc4
21. Be3 b5 22. Kf1 f5 23. g3 Rfc8 24. Ke1 a5 25. b3 Rc2 26. Rd2 Bf8 27. Kd1
Rxd2+ 28. Bxd2 Bxa3 29. Bxa5 b4 30. Bb6 Rc3 31. Kd2 g5 32. Bc5 Kf7 33. Kd1 Kg7
34. Ke2 h5 35. h3 f4 36. Bd6 f3+ 37. Kd2 Kg6 38. Be5 g4 39. h4 Kf5 1/2-1/2

[Event "I Festival Terra degli Elimi"]
[Site "Erice ITA"]
[Date "2010.07.31"]
[Round "5"]
[White "Castelli, Giovanni J."]
[Black "Morello, Guido"]
[Result "1/2-1/2"]
[WhiteElo "1792"]
[BlackElo "1973"]
[PlyCount "61"]
[EventDate "2010.07.28"]

1. Nf3 d5 2. d4 Nc6 3. Bf4 Nf6 4. h3 Bf5 5. e3 e6 6. Bd3 Bg6 7. c3 Bd6 8. Qc2
Qe7 9. Nbd2 Bxf4 10. exf4 Bxd3 11. Qxd3 h5 12. Ne5 Nd7 13. Ndf3 Ndxe5 14. fxe5
O-O-O 15. O-O-O Na5 16. Kb1 a6 17. h4 c5 18. dxc5 Qxc5 19. Nd4 Nc4 20. Rhe1 Qb6
21. Qe2 Kb8 22. Ka1 Rc8 23. Qc2 Rh6 24. g3 Rg6 25. Rd3 Rg4 26. f4 Na5 27. b3
Nc6 28. Nxc6+ Qxc6 29. Rc1 f6 30. Qe2 f5 31. Qe3 1/2-1/2

[Event "I Festival Terra degli Elimi"]
[Site "Erice ITA"]
[Date "2010.07.31"]
[Round "5"]
[White "Messina, Damiano"]
[Black "Bertino, Giacomo"]
[Result "0-1"]
[WhiteElo "2001"]
[BlackElo "1988"]
[PlyCount "70"]
[EventDate "2010.07.28"]

1. e4 d5 2. exd5 Nf6 3. c4 e6 4. dxe6 Bxe6 5. d4 Bb4+ 6. Nc3 Ne4 7. Qb3 Qxd4 8.
Be3 Bxc3+ 9. bxc3 Qxc3+ 10. Qxc3 Nxc3 11. Bd4 Ne4 12. Bxg7 Rg8 13. Bb2 Nc6 14.
f3 Nd6 15. Rc1 O-O-O 16. Nh3 Rge8 17. Kf2 Nxc4 18. Bc3 N4e5 19. Nf4 Bxa2 20.
Bb5 Bc4 21. Bxc4 Nxc4 22. g4 b5 23. Kg3 Nd4 24. Rb1 a6 25. Rhe1 Re3 26. Rxe3
Nxe3 27. Re1 Ndc2 28. Re2 c5 29. Ba5 Re8 30. Kh4 Nd4 31. Rf2 Kb7 32. Nd3 Kc6
33. f4 f6 34. g5 fxg5+ 35. Kxg5 Rg8+ 0-1

[Event "I Festival Terra degli Elimi"]
[Site "Erice ITA"]
[Date "2010.07.31"]
[Round "5"]
[White "Milletari', Ruggero"]
[Black "Bocci, Alessandro"]
[Result "1/2-1/2"]
[WhiteElo "1605"]
[BlackElo "1961"]
[PlyCount "82"]
[EventDate "2010.07.28"]

1. d4 Nf6 2. c4 g6 3. Nc3 Bg7 4. e4 d6 5. f3 O-O 6. Be3 Nc6 7. Bd3 e5 8. d5 Nd4
9. Nge2 Nh5 10. O-O c5 11. Qd2 Qe7 12. Bg5 f6 13. Bh4 Qf7 14. g4 g5 15. Be1 Nf4
16. Nxf4 gxf4 17. Ne2 h5 18. Nxd4 cxd4 19. h3 Qg6 20. b4 hxg4 21. hxg4 Kf7 22.
Qg2 Rh8 23. Kf2 Bd7 24. Bd2 Rh6 25. Rh1 Rah8 26. Rxh6 Qxh6 27. Rg1 Bf8 28. b5
Qh4+ 29. Kf1 Be7 30. Be1 Qh6 31. a4 Qg7 32. Rh1 Rh6 33. Rh4 Rxh4 34. Bxh4 Qh6
35. Be1 Bd8 36. Kg1 Kg6 37. Qh2 a6 38. Qxh6+ Kxh6 39. Kg2 Be7 40. Bh4 Kg6 41.
Be1 Kf7 1/2-1/2

[Event "I Festival Terra degli Elimi"]
[Site "Erice ITA"]
[Date "2010.07.31"]
[Round "5"]
[White "Monaco, Alessandro"]
[Black "Lo Piccolo, Antonino"]
[Result "0-1"]
[WhiteElo "1802"]
[BlackElo "1879"]
[PlyCount "106"]
[EventDate "2010.07.28"]

1. e4 e5 2. Nc3 Nf6 3. Bc4 Nxe4 4. Qh5 Nd6 5. Bb3 Be7 6. d3 O-O 7. Nf3 Nc6 8.
h4 g6 9. Qg4 Na5 10. h5 Nxb3 11. hxg6 fxg6 12. Nxe5 Qe8 13. axb3 Bf6 14. d4
Bxe5 15. dxe5 Qxe5+ 16. Be3 Nf5 17. Qh3 Rf7 18. O-O-O Nxe3 19. Rde1 d6 20. Qxe3
Qxe3+ 21. Rxe3 Bd7 22. f3 Re8 23. Rhe1 Rxe3 24. Rxe3 Kf8 25. Nd5 Bc6 26. Nb4
Re7 27. Rc3 Ke8 28. Kd2 Kd7 29. Nd3 g5 30. Nf2 h5 31. Re3 Rxe3 32. Kxe3 Ke6 33.
g3 d5 34. c3 a5 35. Nh3 Kf5 36. Nf2 h4 37. gxh4 gxh4 38. Nh3 a4 39. bxa4 Bxa4
40. Ng1 Bb5 41. Kf2 c5 42. Kg2 d4 43. cxd4 cxd4 44. Kf2 Ke5 45. Nh3 Bd7 46. f4+
Ke4 47. Ng5+ Kxf4 48. Nf3 d3 49. Nxh4 Bg4 50. Ng2+ Ke4 51. Ke1 Bh3 52. Nh4 Ke3
53. b4 d2+ 0-1

[Event "I Festival Terra degli Elimi"]
[Site "Erice ITA"]
[Date "2010.07.31"]
[Round "5"]
[White "Nobile, Stefano"]
[Black "Lo Pinto, Giovanni"]
[Result "0-1"]
[WhiteElo "1740"]
[BlackElo "1929"]
[PlyCount "134"]
[EventDate "2010.07.28"]

1. d4 d5 2. c4 c6 3. Nf3 Nf6 4. e3 e6 5. Nc3 Nbd7 6. Qc2 b6 7. Be2 Bb7 8. O-O
Bd6 9. Bd2 Rc8 10. a3 c5 11. Rac1 cxd4 12. Nb5 Bb8 13. Nbxd4 dxc4 14. Bxc4 e5
15. Bxf7+ Kxf7 16. Ng5+ Ke8 17. Bb4 Rxc2 18. Nde6 Qe7 19. Rxc2 Nc5 20. Rd1 Bd6
21. Rcd2 Bc7 22. Nxc7+ Qxc7 23. Rd8+ Qxd8 24. Rxd8+ Kxd8 25. Nf7+ Ke7 26. Nxe5
Rd8 27. Kf1 Rd1+ 28. Ke2 Rb1 29. Bc3 Na4 30. Kd3 Nxc3 31. bxc3 Bxg2 32. f4 Bf1+
33. Kc2 Rb5 34. Nc6+ Kd6 35. Nd4 Rd5 36. h4 Rxd4 37. cxd4 Kd5 38. a4 Ke4 39.
Kd2 a5 40. Ke1 Bc4 41. Kd2 Nd5 42. h5 h6 43. Kc2 Kxe3 44. f5 Kxd4 45. Kd2 Bd3
46. Kc1 Kc3 47. Kd1 Nf6 48. Kc1 Ne4 49. Kd1 Ng3 50. Ke1 Nxf5 51. Kf2 Kd4 52.
Kf3 Ne7 53. Kf4 Nd5+ 54. Kg4 Be4 55. Kg3 Ke3 56. Kh4 Nf6 57. Kh3 Bf3 58. Kh4
Ne4 59. Kh3 Be2 60. Kh4 Kf4 61. Kh3 Kg5 62. Kg2 Kg4 63. Kg1 Kg3 64. Kh1 Bf1 65.
Kg1 Bh3 66. Kh1 Ng5 67. Kg1 Nf3+ 0-1

[Event "I Festival Terra degli Elimi"]
[Site "Erice ITA"]
[Date "2010.07.31"]
[Round "5"]
[White "Nocera, Alice"]
[Black "Mancuso, Fabrizio"]
[Result "0-1"]
[WhiteElo "1389"]
[BlackElo "1335"]
[PlyCount "62"]
[EventDate "2010.07.28"]

1. Nc3 Nf6 2. b3 d5 3. d4 Nc6 4. e3 e6 5. Bb2 Bb4 6. Bb5 Bd7 7. Nge2 O-O 8. Qd3
a6 9. Bxc6 Bxc6 10. O-O-O Bxc3 11. Nxc3 Qd6 12. a3 Bb5 13. Qd2 Bc6 14. f4 b5
15. b4 a5 16. Na2 axb4 17. Nxb4 Ra4 18. c3 Ne4 19. Qe1 Bb7 20. Qh4 c5 21. Nd3
cxd4 22. exd4 Qc6 23. Kc2 Rxa3 24. Nc5 Ra2 25. Nxe4 dxe4 26. Ra1 Qxc3+ 27. Kxc3
Rc8+ 28. Kb3 Bd5+ 29. Kb4 Rxb2+ 30. Ka3 Rb3+ 31. Ka2 Ra8# 0-1

[Event "I Festival Terra degli Elimi"]
[Site "Erice ITA"]
[Date "2010.07.31"]
[Round "5"]
[White "Palazzotto, Roberto"]
[Black "La Bella, Roberto"]
[Result "1-0"]
[WhiteElo "1973"]
[BlackElo "2098"]
[PlyCount "68"]
[EventDate "2010.07.28"]

1. d4 Nf6 2. Nc3 d5 3. Bg5 Bf5 4. Bxf6 exf6 5. e4 dxe4 6. Qe2 c6 7. Nxe4 Be7 8.
O-O-O O-O 9. g4 Be6 10. Kb1 Qa5 11. c4 Na6 12. Nc3 Rad8 13. f4 f5 14. g5 Rfe8
15. Nf3 Bb4 16. Qc2 b5 17. Ne5 Qb6 18. c5 Qc7 19. Bg2 Bxc3 20. bxc3 Nb8 21. h4
f6 22. gxf6 gxf6 23. Rhg1 Kh8 24. Nd3 Rg8 25. Rde1 Bc4 26. Bh3 Rxg1 27. Rxg1
Qd7 28. Nb2 Be6 29. Nd1 Rg8 30. Rxg8+ Kxg8 31. Ne3 b4 32. Bxf5 bxc3 33. Bxe6+
Qxe6 34. Qb3 Kf7 1-0

[Event "I Festival Terra degli Elimi"]
[Site "Erice ITA"]
[Date "2010.07.31"]
[Round "5"]
[White "Piazza, Dario"]
[Black "Lissandrello, Luca"]
[Result "0-1"]
[WhiteElo "1662"]
[BlackElo "1655"]
[PlyCount "106"]
[EventDate "2010.07.28"]

1. e4 d5 2. exd5 Nf6 3. c4 c6 4. dxc6 Nxc6 5. Nc3 e5 6. d3 Bc5 7. Be3 Bxe3 8.
fxe3 Ng4 9. Nd5 O-O 10. Be2 f5 11. Bxg4 fxg4 12. Qd2 Be6 13. Nc3 a5 14. b3 Bf5
15. e4 Be6 16. O-O-O Nd4 17. Nge2 Rf2 18. Rhg1 Qe7 19. Qe3 Raf8 20. Kb2 Bd7 21.
Rd2 a4 22. Rgd1 Nc6 23. Nxa4 Rxg2 24. Nec3 Rxd2+ 25. Qxd2 Nd4 26. Qg2 Qh4 27.
Kb1 Rf2 28. Qg3 Qxh2 29. Qxh2 Rxh2 30. Nb6 Be6 31. Rf1 g3 32. Nbd5 Rf2 33. Rxf2
gxf2 34. Ne3 Bh3 35. Kc1 f1=Q+ 36. Nxf1 Bxf1 37. Kd2 h5 38. Nd5 h4 39. Ne3 Bh3
40. Ke1 Be6 41. Kf2 Kf7 42. Nf1 g5 43. Kg2 g4 44. Ne3 Ne2 45. a4 Nc1 46. b4
Nxd3 47. b5 Nb2 48. a5 Nxc4 49. a6 bxa6 50. Nxc4 axb5 51. Nd6+ Kf6 52. Nxb5 Kg5
53. Nc3 Kf4 0-1

[Event "I Festival Terra degli Elimi"]
[Site "Erice ITA"]
[Date "2010.07.31"]
[Round "5"]
[White "Puleo, Diego"]
[Black "Profumo, Alberto"]
[Result "1/2-1/2"]
[WhiteElo "1938"]
[BlackElo "2261"]
[PlyCount "77"]
[EventDate "2010.07.28"]

1. e4 c6 2. c4 d5 3. exd5 cxd5 4. cxd5 Nf6 5. Nc3 Nxd5 6. Bc4 e6 7. d4 Nc6 8.
Nf3 Be7 9. O-O O-O 10. Re1 Nf6 11. a3 Bd7 12. Be3 Rc8 13. Ba2 b6 14. Qd3 Na5
15. b4 Nb7 16. Rac1 Nd6 17. Ne5 Nf5 18. Bb1 g6 19. Ba2 Nxe3 20. Rxe3 Rc7 21.
Rce1 Kg7 22. d5 exd5 23. Qd4 Be6 24. Nb5 Bd6 25. Nxc7 Bxc7 26. Rf3 Bf5 27. Rfe3
h5 28. g3 Qd6 29. Rc1 b5 30. Rc6 Bb6 31. Qa1 Qd8 32. Rf3 d4 33. Rxf5 gxf5 34.
Qc1 Ng8 35. Qf4 d3 36. Nxd3 Qxd3 37. Qg5+ Kh8 38. Qxh5+ Kg7 39. Qg5+ 1/2-1/2

[Event "I Festival Terra degli Elimi"]
[Site "Erice ITA"]
[Date "2010.07.31"]
[Round "5"]
[White "Savalla, Gianluca"]
[Black "Ardizzone, Luigi"]
[Result "0-1"]
[WhiteElo "1362"]
[BlackElo "1562"]
[PlyCount "76"]
[EventDate "2010.07.28"]

1. e4 c5 2. d3 Nc6 3. Nf3 g6 4. Be2 Bg7 5. O-O d6 6. Nc3 Nf6 7. Be3 a6 8. h3 b5
9. a3 Rb8 10. Re1 Be6 11. Bf1 a5 12. Ne2 Nh5 13. Qc1 b4 14. axb4 Rxb4 15. c3
Rb3 16. d4 Bd7 17. d5 Ne5 18. Nxe5 Bxe5 19. Qc2 a4 20. Red1 f5 21. f3 f4 22.
Bf2 O-O 23. Nc1 Rb8 24. Nd3 Bf6 25. Re1 Ng3 26. e5 Bh4 27. c4 Ra8 28. e6 Be8
29. Qd2 Nxf1 30. Kxf1 Bxf2 31. Kxf2 g5 32. g3 fxg3+ 33. Kxg3 Rf5 34. Kg4 Bg6
35. Qd1 h5+ 36. Kg3 h4+ 37. Kg4 Qf8 38. Re4 Qh6 0-1

[Event "I Festival Terra degli Elimi"]
[Site "Erice ITA"]
[Date "2010.07.31"]
[Round "5"]
[White "Savalla, Pietro"]
[Black "Condorelli, Roberto"]
[Result "1-0"]
[WhiteElo "1583"]
[BlackElo "1653"]
[PlyCount "65"]
[EventDate "2010.07.28"]

1. e4 c6 2. d4 d5 3. e5 Bf5 4. Bd3 Bxd3 5. Qxd3 e6 6. Nf3 Nd7 7. O-O Ne7 8. Nc3
Nf5 9. Nd1 Be7 10. Ne3 g6 11. Re1 h6 12. c3 Qc7 13. Nxf5 gxf5 14. Bf4 Nb6 15.
Nd2 O-O-O 16. a4 Bg5 17. Qe3 Rdg8 18. Kh1 Qd8 19. b4 Bxf4 20. Qxf4 Rg4 21. Qe3
Qh4 22. a5 Nd7 23. g3 Qh3 24. f4 Rhg8 25. Rg1 Nf8 26. c4 Ng6 27. Qf2 h5 28. Nf3
h4 29. gxh4 Nxf4 30. cxd5 Rg2 31. Qf1 R2g3 32. Qxh3 Rxg1+ 33. Nxg1 1-0

[Event "I Festival Terra degli Elimi"]
[Site "Erice ITA"]
[Date "2010.07.31"]
[Round "5"]
[White "Valguarnera, Girolamo"]
[Black "Gromovs, Sergejs"]
[Result "1-0"]
[WhiteElo "2179"]
[BlackElo "2365"]
[PlyCount "99"]
[EventDate "2010.07.28"]

1. e4 c5 2. Nf3 d6 3. g3 Nc6 4. Bg2 Nf6 5. d3 e5 6. O-O Be7 7. Nh4 d5 8. Nf5
Bxf5 9. exf5 h5 10. Nc3 Qd7 11. Bg5 Qxf5 12. Bxf6 Bxf6 13. Nxd5 O-O-O 14. a3
Qe6 15. c4 Kb8 16. Rb1 h4 17. b4 hxg3 18. hxg3 e4 19. Nf4 Qd6 20. bxc5 Qxc5 21.
Bxe4 Bd4 22. Qf3 Rh6 23. Rb5 Qd6 24. Rfb1 b6 25. Bxc6 Qxc6 26. Qxc6 Rxc6 27.
Rd5 Rxd5 28. Nxd5 Re6 29. Kf1 Kb7 30. a4 Rh6 31. Kg2 Kc6 32. Ne7+ Kc7 33. Nf5
Rd6 34. Nxd6 Kxd6 35. f4 a6 36. Kf3 f5 37. g4 fxg4+ 38. Kxg4 Kc5 39. Kf5 Bf6
40. Ke4 Bc3 41. Rd1 Bd4 42. Rd2 Bc3 43. d4+ Kxc4 44. Rd1 b5 45. axb5 axb5 46.
d5 Bf6 47. d6 Kc5 48. d7 Bd8 49. Ke5 b4 50. Rc1+ 1-0

[Event "I Festival Terra degli Elimi"]
[Site "Erice ITA"]
[Date "2010.08.01"]
[Round "6"]
[White "Ardizzone, Luigi"]
[Black "Monaco, Alessandro"]
[Result "1/2-1/2"]
[WhiteElo "1562"]
[BlackElo "1802"]
[PlyCount "74"]
[EventDate "2010.07.28"]

1. c4 c5 2. Nc3 Nc6 3. g3 g6 4. Bg2 Bg7 5. Nf3 Nf6 6. O-O O-O 7. Rb1 Rb8 8. d3
d5 9. cxd5 Nxd5 10. Bd2 Nc7 11. Qc1 Bg4 12. Bh6 Ne8 13. Ne4 Bxf3 14. Bxf3 Nd4
15. Re1 Nxf3+ 16. exf3 Qxd3 17. Re3 Qd5 18. Bxg7 Nxg7 19. Qxc5 Qxa2 20. Nc3 Qa6
21. Rxe7 Ne6 22. Qb5 Qxb5 23. Nxb5 a6 24. Nd6 b5 25. Ne4 Rfd8 26. Ra7 Ra8 27.
Rb7 Rdb8 28. Rd7 a5 29. Nd6 Rd8 30. Rxd8+ Rxd8 31. Nxb5 Rb8 32. Nd6 a4 33. Nc4
Nc5 34. Rc1 Nd3 35. Ra1 Rb4 36. Ra3 Nc5 37. Rc3 Nd3 1/2-1/2

[Event "I Festival Terra degli Elimi"]
[Site "Erice ITA"]
[Date "2010.08.01"]
[Round "6"]
[White "Ferrante, Filippo"]
[Black "Condorelli, Roberto"]
[Result "0-1"]
[WhiteElo "1619"]
[BlackElo "1653"]
[PlyCount "74"]
[EventDate "2010.07.28"]

1. Nf3 Nf6 2. g3 d5 3. Bg2 c6 4. O-O Bg4 5. d3 Nbd7 6. Nbd2 h6 7. b3 e6 8. c4
Bd6 9. Re1 O-O 10. e4 Be5 11. Rb1 Bc3 12. Qc2 d4 13. Bb2 Bxb2 14. Qxb2 e5 15.
Rf1 Re8 16. Ne1 Be2 17. Nc2 Bxf1 18. Rxf1 Nc5 19. Ne1 Rb8 20. Qa3 b6 21. b4
Ncd7 22. Qb3 c5 23. b5 Ra8 24. f4 Ng4 25. Nc2 exf4 26. Rxf4 Nge5 27. Qb1 Nxd3
28. Rf5 N3e5 29. Qf1 Re6 30. Nf3 Qe7 31. Nce1 Re8 32. Nd3 Nxd3 33. Qxd3 Rxe4
34. h4 Re3 35. Qd2 Re2 36. Qd1 Qe3+ 37. Kh2 Nf6 0-1

[Event "I Festival Terra degli Elimi"]
[Site "Erice ITA"]
[Date "2010.08.01"]
[Round "6"]
[White "Fontana, Giulio"]
[Black "Castelli, Giovanni J."]
[Result "1-0"]
[WhiteElo "1602"]
[BlackElo "1792"]
[PlyCount "63"]
[EventDate "2010.07.28"]

1. e4 Nf6 2. Nc3 d5 3. e5 d4 4. exf6 dxc3 5. fxg7 cxd2+ 6. Qxd2 Qxd2+ 7. Bxd2
Bxg7 8. c3 Bf5 9. Bc4 e6 10. Nf3 O-O 11. Nd4 Bg6 12. O-O c6 13. Bb3 a5 14. Bc2
Bxd4 15. Bxg6 Bxf2+ 16. Rxf2 hxg6 17. Bh6 Rd8 18. Bg5 Rd5 19. Be7 Nd7 20. c4
Rd4 21. b3 a4 22. Rff1 Re8 23. Ba3 axb3 24. axb3 Rd3 25. Rad1 Ne5 26. Bb2 Red8
27. Rxd3 Nxd3 28. Bf6 Ra8 29. Rf3 e5 30. Rxd3 Ra1+ 31. Kf2 Ra2+ 32. Ke1 1-0

[Event "I Festival Terra degli Elimi"]
[Site "Erice ITA"]
[Date "2010.08.01"]
[Round "6"]
[White "Gangemi, Salvatore"]
[Black "Messina, Damiano"]
[Result "1-0"]
[WhiteElo "2091"]
[BlackElo "2001"]
[PlyCount "65"]
[EventDate "2010.07.28"]

1. c4 c6 2. Nf3 Nf6 3. Nc3 d5 4. cxd5 cxd5 5. d4 Nc6 6. e3 e6 7. Bd3 Bd6 8. O-O
O-O 9. h3 a6 10. Re1 Bb4 11. a3 Bxc3 12. bxc3 Re8 13. c4 dxc4 14. Bxc4 b5 15.
Ba2 Bb7 16. e4 h6 17. Bb1 e5 18. d5 Na5 19. Nh2 Nc4 20. Ng4 Nxg4 21. Qxg4 Bc8
22. Qg3 Qf6 23. Bd3 Nd6 24. Be3 g5 25. Rec1 Bd7 26. Rc7 Red8 27. h4 Qg6 28.
hxg5 Ne8 29. Rb7 hxg5 30. Qxe5 f6 31. Qg3 Ng7 32. Bb6 Nh5 33. Qd6 1-0

[Event "I Festival Terra degli Elimi"]
[Site "Erice ITA"]
[Date "2010.08.01"]
[Round "6"]
[White "Gromovs, Sergejs"]
[Black "Lissandrello, Luca"]
[Result "1-0"]
[WhiteElo "2365"]
[BlackElo "1655"]
[PlyCount "104"]
[EventDate "2010.07.28"]

1. d4 d5 2. c4 c6 3. Nc3 Nf6 4. Nf3 e6 5. Bg5 Nbd7 6. e3 Qa5 7. Nd2 Bb4 8. Qc2
O-O 9. Be2 dxc4 10. Bxf6 Nxf6 11. Nxc4 Bxc3+ 12. bxc3 Qc7 13. O-O c5 14. Qb3 b6
15. Bf3 Rb8 16. e4 Ba6 17. d5 exd5 18. exd5 Qf4 19. Ne3 Bxf1 20. Rxf1 Rfd8 21.
c4 Ne8 22. a4 Nd6 23. Qd3 Qd4 24. Qc2 Re8 25. Rd1 Qf4 26. h3 Rbd8 27. Be2 Re7
28. Bd3 h6 29. g3 Qf3 30. Be2 Qe4 31. Bd3 Qf3 32. Be2 Qe4 33. Qb3 Rde8 34. Bf1
Qf3 35. Rd3 h5 36. g4 hxg4 37. Nxg4 Qf4 38. Rf3 Qd4 39. Rg3 Qf4 40. Rf3 Qd4 41.
Rg3 Qf4 42. Qb2 Re1 43. Nf6+ Kf8 44. Nxe8 Nxe8 45. Qc3 Rc1 46. Qd3 g6 47. Rg4
Qh6 48. d6 Nf6 49. d7 Nxd7 50. Qxd7 a5 51. Qd8+ Kg7 52. Rh4 Qg5+ 1-0